Introducción a un curso de derecho internacional privado / (Record no. 54344)

MARC details
000 -LEADER
campo de control de longitud fija 00629nam a22001815i 4500
001 - NÚMERO DE CONTROL
campo de control 54344
003 - IDENTIFICADOR DE NÚMERO DE CONTROL
campo de control ES-MaACL
005 - FECHA Y HORA DE LA ÚLTIMA TRANSACCIÓN
campo de control 20230906162935.0
007 - CAMPO FIJO DE DESCRIPCIÓN FÍSICA--INFORMACIÓN GENERAL
campo de control de longitud fija t|
008 - DATOS DE LONGITUD FIJA--INFORMACIÓN GENERAL
campo de control de longitud fija 960717s1887 sp ||||1| spa d
040 ## - FUENTE DE CATALOGACIÓN
Centro catalogador/agencia de origen CAM
Lengua de catalogación spa
Centro/agencia transcriptor CAM
100 1# - ENTRADA PRINCIPAL--NOMBRE DE PERSONA
Nombre de persona Folleville, Daniel de.
9 (RLIN) 51471
245 10 - MENCIÓN DEL TÍTULO
Título Introducción a un curso de derecho internacional privado /
Mención de responsabilidad, etc. por Daniel de Folleville; traducida y anotada por Cándido Emperador Félez.
260 ## - PUBLICACIÓN, DISTRIBUCIÓN, ETC.
Lugar de publicación, distribución, etc. Zaragoza :
Nombre del editor, distribuidor, etc. [s.n.],
Fecha de publicación, distribución, etc. 1887 (
Fabricante Tip. de E. Casañal y compañía)
300 ## - DESCRIPCIÓN FÍSICA
Extensión 69, [1] p. ;
Dimensiones 21 cm.
700 1# - ENTRADA AGREGADA--NOMBRE PERSONAL
Nombre de persona Emperador Félez, Cándido.
9 (RLIN) 47166
852 ## - LOCALIZACIÓN
Ubicación ES-MaACL
Número de control de estantería 1601-F-8
Holdings
Estatus retirado Estado de pérdida Estado de daño No para préstamo Colección Biblioteca de origen Biblioteca actual Ubicación en estantería Fecha de adquisición Fuente de adquisición Total de préstamos Signatura topográfica completa Código de barras Visto por última vez Precio de reemplazo Tipo de ítem Koha
        Colección de folletos Biblioteca del Ateneo de Madrid Biblioteca del Ateneo de Madrid Depósito folletos 17/01/2008     1601-F-8 1057107 23/02/2023 23/02/2023 Folleto